| 000 | 00797naa a22002417u 4500 | ||
|---|---|---|---|
| 001 | 06770 | ||
| 003 | HDC | ||
| 007 | cr cn ---aaaaa | ||
| 008 | 210124p2008 ||||| |||| 00| 0 eng d | ||
| 040 | _aHDC | ||
| 245 | 0 | _aHalal Insight: Clay Detergent and Cleansing "Najis" | |
| 260 |
_a[no place] : _b[publisher not identified], _c2008 |
||
| 300 | _a1 online resource ( 8 pages) | ||
| 336 |
_atext _2rdacontent |
||
| 337 |
_acomputer _2rdamedia |
||
| 338 |
_aonline resource _2rdacarrier |
||
| 650 |
_acleaning process _97221 |
||
| 650 |
_aHalal standard _91151 |
||
| 856 | _zRequest full-text at [email protected] | ||
| 942 | _2lcc | ||
| 942 | _cAR | ||
| 942 | _kEMAG 000282 | ||
| 999 |
_c4094 _d4094 |
||